000 00627nam a22002057a 4500
999 _c192723
_d192723
010 _aENG-135266
020 _a9788193746455
_c600.00
035 _aEN-118798
037 _bDBAD/PUB
082 _a680
245 _aAdvances in Cashew Production Technology /
_cedited by B.R.Salvi...[et.al.]
260 _aDapoli
_bBalasaheb Sawant konkan Krishi Vidyapeeth,
_c2018
270 _bDapoli
_e110009
_aRatnagiri Maharashtra
300 _a428p.:
_c22cm(pbk)
_billus.
700 _aHaldankar,P.M.
700 _aDalvi,N.V.
700 _aMalshe,K.V.
700 _aPatil,V.K.
942 _2ddc
_cEN
_h304.20954
_mMAN